000 00640nam a2200229 a 4500
005 20210219153147.0
008 991125n 000 0 u
035 _aUPN01000081184
100 _aFraenkel, Jack R.
222 _aSOCIAL EDUCATION
245 _aHilda Taba's contributions to social studies education
300 _a172-178
362 _a56, No. 3, 1992
505 _aFebrero 1993
653 0 _aACTIVIDADES DE APRENDIZAJE
653 0 _aDESARROLLO CURRICULAR
653 0 _aDESTREZAS DEL PENSAMIENTO
653 0 _aESTUDIOS SOCIALES
653 0 _aMETODOS DE ENSE\197ANZA
904 _aAC
_b018995
905 _aArticulo
999 _c69818
_d69818